Statistics for Famous People Named Ed

Click here to take the quiz!

General Stats

  • This quiz has been taken 120 times
    (62 since last reset)
  • The average score is 12 of 22

Answer Stats

HintAnswer% Correct
"Shape of You"Ed Sheeran
91%
Author of "The Raven"Edgar Allan Poe
88%
Tim Burton movieEdward
Scissorhands
88%
"Coming to America" starEddie Murphy
86%
Legendary NZ mountaineerEdmund Hillary
82%
Leading star of "Fight Club"Edward Norton
82%
Painter of "The Scream"Edvard Munch
79%
Guitarist whose band mates
included David Lee Roth
and Sammy Hagar
Eddie Van Halen
70%
Lead vocalist of Pearl JamEddie Vedder
57%
Portrayed Stephen HawkingEddie Redmayne
55%
2013 NSA whistleblowerEdward Snowden
55%
English pirate who captained
"Queen Anne's Revenge"
Edward Teach
54%
French painter dancing girlsEdgar Degas
50%
Bella Swan's beauEdward Cullen
43%
He composed
"In the Hall of the Mountain King"
Edvard Grieg
41%
British PM between 1970–1974Edward Heath
38%
Belgian cyclist who won
Tour de France five times
Eddy Merckx
36%
Urban painter who
painted the "Nighthawks"
Edward Hopper
34%
2010s Belgium
national football team captain
Eden Hazard
27%
Last king of House of WessexEdward the
Confessor
25%
"Shaun of the Dead" directorEdgar Wright
20%
Was nicknamed "Co-ed Killer"Edmund Kemper
13%

Score Distribution

Percentile by Number Answered

Percent of People with Each Score

Your Score History

You have not taken this quiz since the last reset